Reklama na východnom Slovensku je v dobrých rukách
Služby reklamnej agentúry Soria Kentava, Košice. Vznik spoločnosti. Organizácia mediálnych kampaní. Reklamný trh na Slovensku.
Na minha lista:
| Formato: | Capítulo de Livro |
|---|---|
| Idioma: | eslovaco |
| Assuntos: | |
| Tags: |
Sem tags, seja o primeiro a adicionar uma tag!
|
MARC
| LEADER | 00000naa a2200000 4500 | ||
|---|---|---|---|
| 001 | r023637 | ||
| 005 | 20230922094015.1 | ||
| 041 | 0 | |a slo | |
| 044 | |a SK | ||
| 245 | 1 | 0 | |a Reklama na východnom Slovensku je v dobrých rukách |
| 520 | |a Služby reklamnej agentúry Soria Kentava, Košice. Vznik spoločnosti. Organizácia mediálnych kampaní. Reklamný trh na Slovensku. | ||
| 610 | 2 | 0 | |a reklama |
| 610 | 2 | 0 | |a agentúry |
| 610 | 2 | 0 | |a Soria Kentava, s.r.o. Košice |
| 610 | 2 | 0 | |a kampane reklamné |
| 610 | 2 | 0 | |a médiá |
| 610 | 2 | 0 | |a Slovensko |